| 000 | 00527nam a2200205 a 4500 | ||
|---|---|---|---|
| 001 | 50553 | ||
| 003 | BD-RjUL | ||
| 005 | 20211209075528.0 | ||
| 008 | 160827s1963 nyu||||| |||| 00| 0 eng d | ||
| 035 | _a(BD-RjUL)50673 | ||
| 040 |
_aBD-RjUL _beng _cBD-RjUL |
||
| 041 | _aeng | ||
| 082 |
_223 _a515 _bADA 1963 |
||
| 100 |
_aAdams, L. J. _9151422 |
||
| 245 | 1 | 0 |
_aApplied calculus / _cL. J. Adams. |
| 260 |
_aNew York : _bWiley, _c1963. |
||
| 300 |
_a278 p. : _bill. ; _c24 cm. |
||
| 650 |
_aCalculus _9151423 |
||
| 942 |
_2ddc _cBK |
||
| 999 |
_c50553 _d50553 |
||